000 00920nam a22002057a 4500
005 20250314173307.0
008 250314b ||||| |||| 00| 0 spa d
020 _a978-987-24181-2-0
082 1 4 _214
_a379
245 1 3 _aLa educación policial :
_bestudio de las sistemas educativos policiales de la Región NEA y de las fuerzas de seguridad y cuerpos policiales federales /
_cSecretaria de Seguridad Interior
260 _aBuenos Aires:
_bSecretaria de Seguridad Interior,
_bPrograma de Naciones Unidas para el Desarrollo,
_c2008
300 _a91 p.
440 _99187
_aColección Investigación y Análisis
_n2
_pCuadernos de Seguridad
650 1 0 _2unescot
_92344
_aCALIDAD DE LA EDUCACION
650 1 7 _2unescot
_92982
_aPOLICIA
651 0 _9326
_aARGENTINA
710 1 _921412
_aArgentina. Secretaria de Seguridad Interior
942 _2ddc
_cLIBRO
980 _819226
_g Palazón Marcela I.
_619226
_a Palazón Marcela I.
999 _c10856
_d10856